[Event "New York Int op 13th"]
[Site "New York"]
[Date "2025.07.19"]
[Round "7"]
[White "Safranek, William"]
[Black "Hoffman, Luc William C"]
[Result "1/2-1/2"]
[WhiteElo "2165"]
[BlackElo "2219"]
[PlyCount "22"]
[EventDate "2025.07.16"]
[EventType "swiss"]
[EventRounds "9"]
[EventCountry "USA"]
[SourceTitle "CB30_2025"]
[SourceDate "2025.07.23"]
[SourceVersion "1"]
[SourceVersionDate "2025.07.23"]
[SourceQuality "1"]

1. e4 c5 2. Nf3 Nc6 3. Bc4 e6 4. 0-0 Nf6 5. d3 d5 6. Bb5 Qc7 7. Re1 Be7 8. e5 Nd7 9. Bf4 a6 10. Bxc6 Qxc6 11. c3 b5 1/2-1/2

[Event "New York Marshall IM-E 07"]
[Site "New York"]
[Date "2025.07.09"]
[Round "3"]
[White "Safranek, William"]
[Black "Munkhzul, Davaakhuu"]
[Result "1-0"]
[WhiteElo "2165"]
[BlackElo "2042"]
[PlyCount "81"]
[EventDate "2025.07.09"]
[EventType "tourn"]
[EventRounds "9"]
[EventCountry "USA"]
[SourceTitle "CB29_2025"]
[SourceDate "2025.07.16"]
[SourceVersion "1"]
[SourceVersionDate "2025.07.16"]
[SourceQuality "1"]

1. e4 e5 2. Nf3 Nc6 3. Bc4 Bc5 4. c3 Nf6 5. d4 exd4 6. b4 Bb6 7. e5 d5 8. exf6 dxc4 9. Qe2+ Be6 10. b5 Na5 11. fxg7 Rg8 12. cxd4 Rxg7 13. Nc3 Bxd4 14. Bb2 Bf6 15. Rd1 Qe7 16. 0-0 Bh3 17. Qxe7+ Bxe7 18. Nd5 Rxg2+ 19. Kh1 Rg6 20. Ne5 Rg5 21. f4 Bg2+ 22. Kg1 Bc5+ 23. Bd4 Bxd4+ 24. Rxd4 Rxe5 25. Kxg2 Rxd5 26. Rxd5 Rc8 27. Re1+ Kf8 28. Rd7 c6 29. Ree7 cxb5 30. Rxf7+ Ke8 31. Rfe7+ Kf8 32. Rxh7 Ke8 33. Rdg7 Kf8 34. Rxb7 Nxb7 35. Rh8+ Ke7 36. Rxc8 Kd6 37. Kf3 Nc5 38. Ke3 c3 39. h4 b4 40. h5 Nd7 41. Rd8 1-0

[Event "Titled Tuesday intern op 20th May Late"]
[Site "Chess.com INT"]
[Date "2025.05.20"]
[Round "1"]
[White "Liu, Jason1"]
[Black "Safranek, William"]
[Result "1-0"]
[WhiteElo "2064"]
[BlackElo "2165"]
[PlyCount "33"]
[EventDate "2025.05.20"]
[EventType "swiss (blitz)"]
[EventRounds "11"]
[EventCountry "USA"]
[SourceTitle "CB22_2025"]
[SourceDate "2025.05.28"]
[SourceVersion "1"]
[SourceVersionDate "2025.05.28"]
[SourceQuality "1"]

1. e4 e5 2. Nf3 Nc6 3. Bc4 Nf6 4. 0-0 Nxe4 5. Nc3 Nd6 6. Bb3 Be7 7. Re1 0-0 8. Nxe5 Nxe5 9. Rxe5 Bf6 10. Re1 c6 11. d4 Nf5 12. d5 d6 13. Bf4 Bg5 14. Bxg5 Qxg5 15. Ne4 Qg6 16. Ng3 c5 17. c3 1-0

[Event "New York President's Day IM-D"]
[Site "New York"]
[Date "2025.02.16"]
[Round "5"]
[White "Safranek, William"]
[Black "Bortnyk, Mykola"]
[Result "1/2-1/2"]
[WhiteElo "2167"]
[BlackElo "2394"]
[PlyCount "117"]
[EventDate "2025.02.14"]
[EventType "tourn"]
[EventRounds "9"]
[EventCountry "USA"]
[SourceTitle "CB08_2025"]
[SourceDate "2025.02.19"]
[SourceVersion "1"]
[SourceVersionDate "2025.02.19"]
[SourceQuality "1"]

1. e4 c5 2. Nc3 e6 3. d4 cxd4 4. Qxd4 Nc6 5. Qd3 a6 6. Qg3 Nb4 7. Bd3 b5 8. Bg5 Nxd3+ 9. cxd3 f6 10. Be3 Bb7 11. Nge2 Ne7 12. 0-0 g6 13. f4 Bg7 14. f5 0-0 15. fxg6 Nxg6 16. Bc5 Rf7 17. h4 Kh8 18. h5 Ne7 19. Be3 Ng8 20. Qh4 Bh6 21. Bd4 Qe7 22. Ng3 Rg7 23. Nge2 e5 24. Bf2 f5 25. Qxe7 Nxe7 26. Bc5 fxe4 27. dxe4 Rag8 28. g3 Nc8 29. Bf8 Be3+ 30. Kg2 Rg4 31. h6 b4 32. Bg7+ R4xg7 33. hxg7+ Kxg7 34. Nd5 Bxd5 35. exd5 Nd6 36. Rf3 Bd2 37. Rd3 Bg5 38. a3 Rc8 39. axb4 Rc2 40. Rxa6 Nb5 41. Kf1 Rxb2 42. Rb6 Rb1+ 43. Kf2 e4 44. Re3 Bxe3+ 45. Kxe3 Rxb4 46. Rb7 Rb3+ 47. Kf4 Rf3+ 48. Kxe4 Nd6+ 49. Kxf3 Nxb7 50. Kf4 Kf6 51. g4 Nc5 52. g5+ Kg6 53. Kg4 h5+ 54. gxh6 Ne4 55. Nf4+ Kxh6 56. Kf5 Nc3 57. Kf6 d6 58. Ke6 Nxd5 59. Kxd6 1/2-1/2

[Event "Titled Tuesday intern op 06th Aug Late"]
[Site "Chess.com INT"]
[Date "2024.08.06"]
[Round "4"]
[White "Ahmad, Khagan"]
[Black "Safranek, William"]
[Result "0-1"]
[WhiteElo "2388"]
[BlackElo "2111"]
[PlyCount "62"]
[EventDate "2024.08.06"]
[EventType "swiss (blitz)"]
[EventRounds "11"]
[EventCountry "USA"]
[SourceTitle "EXT 2025"]
[Source "ChessBase"]
[SourceDate "2024.10.14"]
[SourceVersion "1"]
[SourceVersionDate "2024.10.14"]
[SourceQuality "1"]

1. Nf3 d5 2. g3 c5 3. Bg2 Nc6 4. d4 e6 5. 0-0 Nf6 6. c4 cxd4 7. Nxd4 Bc5 8. Nb3 Bb6 9. cxd5 exd5 10. Nc3 d4 11. Na4 0-0 12. Bg5 Re8 13. Nxb6 axb6 14. Bxc6 bxc6 15. Qxd4 Qxd4 16. Nxd4 c5 17. Nb5 Rxe2 18. Rfe1 Rxb2 19. Nc7 Rb8 20. Bxf6 gxf6 21. Re8+ Kg7 22. Rd8 c4 23. Ne8+ Kg6 24. Nd6 c3 25. Rg8+ Kh6 26. g4 Bxg4 27. Rxb8 c2 28. Kg2 Rb1 29. Nxf7+ Kg7 30. Nh6 Kxh6 31. Rxb6 Rxa1 0-1

[Event "Titled Tuesday intern op 06th Aug Late"]
[Site "Chess.com INT"]
[Date "2024.08.06"]
[Round "3"]
[White "Chor, Kevin"]
[Black "Safranek, William"]
[Result "0-1"]
[WhiteElo "1966"]
[BlackElo "2111"]
[PlyCount "64"]
[EventDate "2024.08.06"]
[EventType "swiss (blitz)"]
[EventRounds "11"]
[EventCountry "USA"]
[SourceTitle "EXT 2025"]
[Source "ChessBase"]
[SourceDate "2024.10.14"]
[SourceVersion "1"]
[SourceVersionDate "2024.10.14"]
[SourceQuality "1"]

1. e4 e5 2. Nf3 Nc6 3. d4 exd4 4. Bc4 Nf6 5. e5 d5 6. Bb5 Ne4 7. Nxd4 Bd7 8. Bxc6 bxc6 9. 0-0 Bc5 10. Be3 Bb6 11. f3 Ng5 12. f4 Ne4 13. c3 Qe7 14. Nd2 c5 15. N4f3 f6 16. Nxe4 dxe4 17. Qd5 Rd8 18. Qxe4 0-0 19. f5 fxe5 20. Nxe5 Bc6 21. Qf4 Bb7 22. Rad1 Rde8 23. Qc4+ Kh8 24. Bf4 Rxf5 25. Rd7 Rxe5 26. Rxe7 R5xe7 27. h3 Re4 28. Qf7 Re2 29. Kh2 Rxg2+ 30. Kh1 Rxb2+ 31. Kg1 c4+ 32. Be3 Bxe3+ 0-1

[Event "Titled Tuesday intern op 06th Aug Late"]
[Site "Chess.com INT"]
[Date "2024.08.06"]
[Round "1"]
[White "Medina Paz, Miguel"]
[Black "Safranek, William"]
[Result "0-1"]
[WhiteElo "2368"]
[BlackElo "2111"]
[PlyCount "116"]
[EventDate "2024.08.06"]
[EventType "swiss (blitz)"]
[EventRounds "11"]
[EventCountry "USA"]
[SourceTitle "EXT 2025"]
[Source "ChessBase"]
[SourceDate "2024.10.14"]
[SourceVersion "1"]
[SourceVersionDate "2024.10.14"]
[SourceQuality "1"]

1. c4 f5 2. g3 Nf6 3. Bg2 e5 4. d4 exd4 5. Qxd4 Nc6 6. Qd1 Bc5 7. Nf3 0-0 8. 0-0 d6 9. Nc3 Be6 10. Nd5 Bxd5 11. cxd5 Ne7 12. Ng5 Qd7 13. Ne6 Rfe8 14. Nxc5 dxc5 15. Qb3 Qd6 16. Bf4 Qb6 17. Qxb6 cxb6 18. d6 Ned5 19. Bg5 Re6 20. d7 Rd6 21. Rad1 Rxd7 22. Bxf6 Nxf6 23. Rxd7 Nxd7 24. Bxb7 Re8 25. Bc6 Re7 26. e3 Kf7 27. Rd1 Ne5 28. Bg2 Rd7 29. Rxd7+ Nxd7 30. Kf1 Ke6 31. f4 Nf6 32. Ke2 c4 33. h3 Kd6 34. Kd2 Kc5 35. Kc2 a5 36. Bb7 b5 37. Bc8 Nd5 38. Kd2 g6 39. Be6 Nf6 40. g4 fxg4 41. hxg4 Kd6 42. Bc8 h5 43. g5 Ne4+ 44. Kc2 Nc5 45. f5 gxf5 46. g6 Ne6 47. Ba6 Kc6 48. Bc8 Ng7 49. Kc3 Kc5 50. b3 b4+ 51. Kd2 c3+ 52. Kc2 h4 53. Bb7 h3 54. Kd3 h2 55. Bg2 Kd6 56. e4 f4 57. Bf3 Ke5 58. Kc2 Kf6 0-1

[Event "Titled Tuesday intern op 30th Jul Late"]
[Site "Chess.com INT"]
[Date "2024.07.30"]
[Round "3"]
[White "Golubev, Mikhail"]
[Black "Safranek, William"]
[Result "1-0"]
[WhiteElo "2461"]
[BlackElo "2119"]
[PlyCount "119"]
[EventDate "2024.07.30"]
[EventType "swiss (blitz)"]
[EventRounds "11"]
[EventCountry "USA"]
[SourceTitle "EXT 2025"]
[Source "ChessBase"]
[SourceDate "2024.10.14"]
[SourceVersion "1"]
[SourceVersionDate "2024.10.14"]
[SourceQuality "1"]

1. e4 e5 2. Nf3 Nc6 3. Bc4 Nf6 4. d3 h6 5. 0-0 d6 6. Re1 g5 7. Nc3 Bg7 8. Nd5 Be6 9. Nxf6+ Qxf6 10. Nd2 0-0 11. Nf1 Rad8 12. Ne3 Na5 13. Bd5 Nc6 14. c3 Qg6 15. g4 Kh7 16. Nf5 Bxf5 17. gxf5 Qf6 18. Bxc6 bxc6 19. Be3 d5 20. Qg4 a5 21. Bc5 Rg8 22. Kg2 Bf8 23. Be3 d4 24. cxd4 exd4 25. Bc1 Bd6 26. Bd2 Qe5 27. Rh1 f6 28. Kf3 Qb5 29. Ke2 Qxb2 30. Rhb1 Qc2 31. Rc1 Qa4 32. h4 Bb4 33. hxg5 Bxd2 34. g6+ Kg7 35. Kxd2 Rb8 36. Ke2 Rb2+ 37. Kf3 Rd2 38. Kg2 Rxd3 39. Qf4 Rc8 40. Rh1 Kf8 41. Qxh6+ Ke7 42. Qg7+ Kd6 43. Qxf6+ Kc5 44. Rab1 Rc3 45. Qe7+ Kc4 46. Qe6+ Kc5 47. Qxc8 Qc2 48. Qf8+ Kc4 49. Qf7+ Kc5 50. Qe7+ Kc4 51. Qe6+ Kc5 52. Qe5+ Kc4 53. Rh3 Rxh3 54. Kxh3 Qxb1 55. Qe6+ Kc5 56. Kg2 d3 57. g7 d2 58. g8Q d1Q 59. Qc4+ Kb6 60. Qb8# 1-0

[Event "Titled Tuesday intern op 30th Jul Late"]
[Site "Chess.com INT"]
[Date "2024.07.30"]
[Round "1"]
[White "Safranek, William"]
[Black "Klukin, Kirill"]
[Result "0-1"]
[WhiteElo "2119"]
[BlackElo "2413"]
[PlyCount "122"]
[EventDate "2024.07.30"]
[EventType "swiss (blitz)"]
[EventRounds "11"]
[EventCountry "USA"]
[SourceTitle "EXT 2025"]
[Source "ChessBase"]
[SourceDate "2024.10.14"]
[SourceVersion "1"]
[SourceVersionDate "2024.10.14"]
[SourceQuality "1"]

1. e4 c5 2. Nc3 Nc6 3. Bb5 Nd4 4. Nf3 g6 5. Bc4 Bg7 6. Nxd4 cxd4 7. Qf3 Nf6 8. e5 dxc3 9. dxc3 Qb6 10. exf6 Qxf6 11. Qxf6 Bxf6 12. Be3 d6 13. 0-0-0 Be6 14. Bxe6 fxe6 15. Rhe1 Kf7 16. Bd4 e5 17. Be3 a6 18. Rd5 Rac8 19. g3 Ke6 20. Red1 Rc4 21. R5d2 Rhc8 22. Re2 Kf7 23. Kd2 g5 24. a3 Kg6 25. Ke1 h5 26. Kf1 b5 27. Kg2 Kf5 28. Rd3 g4 29. Bd2 e4 30. Rd5+ Be5 31. Be1 e6 32. Rd1 d5 33. Bd2 a5 34. h3 b4 35. axb4 axb4 36. b3 R4c6 37. hxg4+ hxg4 38. cxb4 Rxc2 39. Rh1 Bc3 40. Rh5+ Kg6 41. Rh6+ Kf7 42. Rh7+ Kg8 43. Bxc3 R8xc3 44. Rxc2 Rxc2 45. Rh4 Rb2 46. Rxg4+ Kf7 47. Kf1 Rxb3 48. Rf4+ Ke7 49. g4 Rxb4 50. Ke2 Rb2+ 51. Ke3 Rb1 52. Ke2 Rg1 53. Ke3 Kd6 54. Ke2 Ke5 55. Rf8 Rxg4 56. Ke3 Rg7 57. Ke2 Rb7 58. Rc8 Rb2+ 59. Ke1 Kd4 60. Rc1 e3 61. f3 Ke5 0-1

[Event "Titled Tuesday intern op 30th Jul Late"]
[Site "Chess.com INT"]
[Date "2024.07.30"]
[Round "2"]
[White "Tamer Wahba, Fared"]
[Black "Safranek, William"]
[Result "0-1"]
[WhiteElo "2122"]
[BlackElo "2119"]
[PlyCount "82"]
[EventDate "2024.07.30"]
[EventType "swiss (blitz)"]
[EventRounds "11"]
[EventCountry "USA"]
[SourceTitle "EXT 2025"]
[Source "ChessBase"]
[SourceDate "2024.10.14"]
[SourceVersion "1"]
[SourceVersionDate "2024.10.14"]
[SourceQuality "1"]

1. e4 e5 2. Nc3 Nc6 3. Bc4 Nf6 4. d3 Bb4 5. Nge2 d5 6. exd5 Nxd5 7. 0-0 Be6 8. Bxd5 Bxd5 9. f4 f6 10. f5 Qd7 11. Nxd5 Qxd5 12. Ng3 0-0-0 13. Ne4 h5 14. a3 Bc5+ 15. Kh1 Bb6 16. b4 Qd7 17. Rb1 Nd4 18. c4 c6 19. c5 Bc7 20. a4 Nxf5 21. b5 Qxd3 22. Qxd3 Rxd3 23. b6 Bb8 24. a5 Rhd8 25. Bb2 axb6 26. cxb6 Ne3 27. Rfe1 Rd1 28. Rbxd1 Rxd1 29. Rxd1 Nxd1 30. Ba3 Ne3 31. Bf8 Nf5 32. h3 h4 33. Kg1 Kd7 34. Nc5+ Kc8 35. Ne4 Nd4 36. Kf2 f5 37. Ng5 g6 38. Nf7 Nb3 39. Bb4 Kd7 40. Ng5 c5 41. Nf3 cxb4 0-1

[Event "Titled Tuesday intern op 09th Jul Early"]
[Site "Chess.com INT"]
[Date "2024.07.09"]
[Round "1"]
[White "Safranek, William"]
[Black "Korobov, Anton"]
[Result "1-0"]
[WhiteElo "2119"]
[BlackElo "2654"]
[PlyCount "53"]
[EventDate "2024.07.09"]
[EventType "swiss (blitz)"]
[EventRounds "11"]
[EventCountry "USA"]
[SourceTitle "EXT 2025"]
[Source "ChessBase"]
[SourceDate "2024.10.14"]
[SourceVersion "1"]
[SourceVersionDate "2024.10.14"]
[SourceQuality "1"]

1. e4 c5 2. Nc3 d6 3. d4 cxd4 4. Qxd4 Nc6 5. Qd2 Nf6 6. b3 a6 7. Bb2 e6 8. 0-0-0 Be7 9. f4 b5 10. g4 b4 11. g5 bxc3 12. Qxc3 Bb7 13. gxf6 Bxf6 14. Qe3 Bxb2+ 15. Kxb2 0-0 16. Nf3 Qf6+ 17. Kb1 Rfd8 18. Rg1 Rac8 19. a3 Ne7 20. Bd3 Ng6 21. f5 exf5 22. exf5 Kf8 23. fxg6 Qxf3 24. Qxf3 Bxf3 25. gxh7 Ke7 26. Rde1+ Kd7 27. Bf5+ 1-0

[Event "Titled Tuesday intern op 09th Jul Early"]
[Site "Chess.com INT"]
[Date "2024.07.09"]
[Round "9"]
[White "Shapiro, Daniel E"]
[Black "Safranek, William"]
[Result "0-1"]
[WhiteElo "2284"]
[BlackElo "2119"]
[PlyCount "108"]
[EventDate "2024.07.09"]
[EventType "swiss (blitz)"]
[EventRounds "11"]
[EventCountry "USA"]
[SourceTitle "EXT 2025"]
[Source "ChessBase"]
[SourceDate "2024.10.14"]
[SourceVersion "1"]
[SourceVersionDate "2024.10.14"]
[SourceQuality "1"]

1. d4 d5 2. c4 e6 3. Nf3 c5 4. cxd5 exd5 5. g3 Nf6 6. Bg2 Nc6 7. 0-0 Be7 8. Nc3 0-0 9. dxc5 Bxc5 10. Bg5 d4 11. Bxf6 Qxf6 12. Nd5 Qd8 13. Nd2 Re8 14. a3 Be6 15. Nf4 Bb6 16. Rc1 Rc8 17. Re1 a6 18. Nxe6 fxe6 19. Qb3 Ba5 20. Red1 Qb6 21. Qa2 Bxd2 22. Rxd2 Kh8 23. Bh3 Qa5 24. Rcd1 Qe5 25. Bg2 Red8 26. b4 Qf6 27. Qb3 e5 28. Qd3 Qe7 29. Rc2 Na7 30. Rdc1 Qd7 31. Be4 h6 32. Bf5 Rxc2 33. Rxc2 Qf7 34. Bg6 Qe7 35. Be4 Nb5 36. Rc4 Nd6 37. Rc2 Qd7 38. Bg2 Rc8 39. Rc5 Qe6 40. Be4 b6 41. Rxc8+ Qxc8 42. Kg2 b5 43. Bd5 Qe8 44. Qf3 e4 45. Qf4 Qe7 46. Qg4 Qe5 47. Qe6 Qxe6 48. Bxe6 Kh7 49. f3 exf3+ 50. Kxf3 Kg6 51. Kf4 Kf6 52. Bd5 g5+ 53. Kf3 Ke5 54. Bc6 h5 0-1

[Event "Titled Tuesday intern op 09th Jul Early"]
[Site "Chess.com INT"]
[Date "2024.07.09"]
[Round "6"]
[White "Tudor, Henry Edward"]
[Black "Safranek, William"]
[Result "1-0"]
[WhiteElo "2403"]
[BlackElo "2119"]
[PlyCount "79"]
[EventDate "2024.07.09"]
[EventType "swiss (blitz)"]
[EventRounds "11"]
[EventCountry "USA"]
[SourceTitle "EXT 2025"]
[Source "ChessBase"]
[SourceDate "2024.10.14"]
[SourceVersion "1"]
[SourceVersionDate "2024.10.14"]
[SourceQuality "1"]

1. Nf3 d5 2. b3 c5 3. Bb2 Nc6 4. e3 f6 5. d4 Bg4 6. Be2 e6 7. 0-0 Bd6 8. dxc5 Bxc5 9. c4 Nge7 10. cxd5 exd5 11. Nc3 0-0 12. Rc1 Bb6 13. Nb5 Be6 14. Nbd4 Bf7 15. Qd2 Re8 16. Rfd1 Rc8 17. Nb5 a6 18. Nc3 Rc7 19. Na4 Rd7 20. Nxb6 Qxb6 21. Nd4 Nxd4 22. Bxd4 Qd8 23. Bg4 Rd6 24. Bc5 Rc6 25. Bf3 h6 26. Rc3 Qc8 27. Bb4 Rxc3 28. Bxc3 Rd8 29. Ba5 Rd6 30. Bb4 Rd7 31. Bg4 f5 32. Bf3 Qd8 33. Bc3 Nc6 34. Bb2 Be6 35. g3 Qb6 36. Qc3 Qb4 37. Qc1 g5 38. Ba1 Qe7 39. Qc3 Qh7 40. Qf6 1-0

[Event "Titled Tuesday intern op 02nd Jul Late"]
[Site "Chess.com INT"]
[Date "2024.07.02"]
[Round "7"]
[White "Jacobson, Aaron"]
[Black "Safranek, William"]
[Result "1-0"]
[WhiteElo "2392"]
[BlackElo "2119"]
[PlyCount "57"]
[EventDate "2024.07.02"]
[EventType "swiss (blitz)"]
[EventRounds "11"]
[EventCountry "USA"]
[SourceTitle "EXT 2025"]
[Source "ChessBase"]
[SourceDate "2024.10.14"]
[SourceVersion "1"]
[SourceVersionDate "2024.10.14"]
[SourceQuality "1"]

1. e4 e5 2. d4 exd4 3. Qxd4 Nc6 4. Qd3 Nf6 5. Nc3 d5 6. Bf4 dxe4 7. Qxd8+ Nxd8 8. Bxc7 Nc6 9. 0-0-0 Bb4 10. Nb5 0-0 11. a3 Bc5 12. Bd6 Bxd6 13. Nxd6 Bg4 14. Be2 b6 15. h3 Be6 16. Bb5 Ne5 17. Ba6 Rfd8 18. Ne2 Bd5 19. Nf5 Be6 20. Ned4 Bc8 21. Bxc8 Raxc8 22. Ne7+ Kf8 23. Nxc8 Rxc8 24. Kb1 Nc4 25. Nb5 Rc6 26. Nxa7 Rc5 27. Rd4 Ke7 28. Rhd1 Ke6 29. a4 1-0